• 首页
  • 本馆介绍
  • 公告通知
  • 最新文献
  • 馆藏检索
  • 电子资源
  • 读者导购
  • 参考咨询
  • 我的图书馆
  • 登录
  • 详细信息显示
  • 放入我的书架
  • 预约/预借图书
  • 作者相关作品
  • 分类相关作品
  • 丛书相关作品
  • 出版社相关作品

书目信息

  • 表格格式
  • 工作单格式
  • 卡片格式
题名:
节日集会朗诵诗选
    
 
作者: 尹世霖 著
分册:  
出版信息: 北京   中国少年儿童出版社  1987
页数: 196页
开本: 19cm
丛书名:
单 册:
中图分类: I287.2 , I227
科图分类:
主题词: 儿童文学-朗诵诗--中国--现代 , 朗诵诗-儿童文学--中国--现代 , 诗歌--中国 , 韵文--中国
电子资源:
ISBN:
000 00684nam0 2200253 45
001 1571975874
005 20150128162038.18
010    @dCNY0.93
100    @a19951126d1987 am y0chiy0121 ea
101 0  @achi
102    @aCN@b110000
105    @ay z 000yy
200 10 @a节日集会朗诵诗选@Ajie ri ji hui lang song shi xuan@f尹世霖著
210    @a北京@c中国少年儿童出版社@d1987
215    @a196页@d19cm
606    @a儿童文学-朗诵诗@y中国@z现代
606    @a朗诵诗-儿童文学@y中国@z现代
606 0  @a诗歌@x中国
606 0  @a韵文@x中国
690    @aI287.2@v3
690    @aI227@v4
701  0 @a尹世霖@4著@Ayin shi lin
801  0 @aCN@bTSSF@c20150128
905    @aZUCC@dI227@eJY8
    
    节日集会朗诵诗选/尹世霖著.-北京:中国少年儿童出版社,1987
    196页;19cm
    
    
    ISBN :CNY0.93
    
●
相关链接 在E读中查询图书 在五车中查询图书 在当当中查询图书 在豆瓣中查询图书


正题名:节日集会朗诵诗选     索取号:I227/JY8         预约/预借

序号 登录号 条形码 馆藏地/架位号 状态 备注
1 7837358   278373582   学院路分馆/ [索取号:I227/JY8] 在馆    
2 7840214   278402140   学院路分馆/ [索取号:I227/JY8] 在馆    
3 7840215   278402159   学院路分馆/ [索取号:I227/JY8] 在馆    
4 7840216   278402168   学院路分馆/ [索取号:I227/JY8] 在馆    
唐山师范学院图书馆 欢迎您!
大连网信软件有限公司© 版权所有